000 00812nam a2200241Ia 4500
001 9438
003 GE_BSU
008 181216s||||||||xx |||||||||||||| ||und||
040 _cGE_BSU
080 _a821.353.1–1
100 _aმაჭავარიანი,მუხრან
245 _aვითარცა მტკვარი
245 _bლექსები
245 _cრედ.აკაკი ბრეგვაძე.მხატვ. გ.წერეთელი
250 _aმე-2გამოც.
260 _aთბილისი
260 _bნაკადული
260 _c1987
300 _a125გვ.ფოტო გარეკანზე.16სმ.
653 _aვითარცა მტკვარი
653 _aლექსები
942 _cBK
999 _c42732
_d42732